Responses for Show #5323 - Wednesday, October 31, 2007

Paul Glaser game 4.

Contestants

[<< previous game]

Whiton Paine, a restaurant owner from New Orleans, Louisiana

Sarah Kulihin, a student and bookseller from Plainfield, New Jersey

Paul Glaser, a research scientist from Albany, New York (whose 3-day cash winnings total $88,402)

[next game >>]

Jeopardy! Round responses

IT HAPPENED ON HALLOWEEN
(Alex: It was a mash, it was a...)
MONSTER MASH
SCARY PLACES
FEARNET
"TRIC"s
TREATS
    $200 22
Iraq

Paul
    $200 17
(Alex: Like me, yes!)

a zombie

Paul
    $200 12
the Bermuda Triangle

Whiton
    $200 6
(Sam) Raimi

Paul
    $200 7
(Whiton: [no response])

geriatrics

PaulWhiton
    $200 1
sesame seeds

Paul
    $400 23
Harry Houdini

Paul
    $400 18
a werewolf

Paul
    $400 13
Everest

Whiton
    $400 27
The Blair Witch Project

Paul
    $400 8
Marlene Dietrich

Paul
    $400 2
strawberry shortcake

Whiton
    $600 24
the Donner Party

Sarah
    $600 19
the Sphinx

Paul
    $600 14
(Alex: The West Rim, yes.)

the Grand Canyon

Whiton
    $600 28
The Sopranos

Paul
    $600 9
trickle-down

Paul
    $600 3
turtles

Whiton
    $800 25
Stalin

Paul
    $800 20
the Minotaur

Paul
    $800 15
Pamplona

Paul
    $800 29
a genie

Paul
    $800 10
district

Whiton
    $800 4
Little Debbie

Whiton
    $1000 26
the Suez Canal

Paul
    $1000 21
Nosferatu

Paul
    $1000 16
(Sarah: What is French Guiana?)

Martinique

Sarah
Triple Stumper
    $1000 30
Hellboy

Triple Stumper
    $1000 11
symmetric or symmetrical

Triple Stumper
    $1,000 5
saltwater taffy

Whiton

Scores at the first commercial break (after clue 12):

Paul Sarah Whiton
$1,600 $0 $3,600

Scores at the end of the Jeopardy! Round:

Paul Sarah Whiton
$9,600 -$400 $4,600

Double Jeopardy! Round responses

AT THE DENTIST'S OFFICE
THE SPORTING LIFE
24--THE NOVEL
(Alex: These are books that take place in a 24-hour span.)
OKLAHOMIES
ECONOMICS
GREEK ALPHABET SOUP
    $400 11
RPMs

Paul
    $400 6
(Whiton: What is bantamweight?)

welterweight

PaulWhiton
    $400 16
Dan Brown

Sarah
    $400 26
(Sam) Walton

Whiton
    $400 21
the black market

Paul
    $400 1
Catherine Zeta-Jones

Whiton
    $800 12
(Sarah: What is lead?)

mercury

PaulSarah
    $800 7
Los Angeles

Whiton
    $800 20
(Sarah: Who is Gogol?)
(Whiton: Who is Dostoevsky?)
(Paul: Who is Soldnitsyn?)
(Alex: Say it again.)
(Paul: Who is Aleksandr Soldnitsyn?)
(Alex: No, and I'll tell you why. You dropped one of the syllables.)

Aleksandr Solzhenitsyn

PaulSarahWhiton
Triple Stumper
    $800 22
the private sector

Paul
    $800 2
Omega

Whiton
    $1200 13
(Sarah: What is plaque?)

acid

PaulSarah
    $1200 8
basketball

Paul
    $1200 17
Ulysses

Sarah
    $1200 23
coins

Whiton
    $1200 3
alpha waves

Whiton
    $1600 14
the thyroid gland

Paul
    $1600 9
The Wide World of Sports

Paul
    $1600 19
Virginia Woolf

Paul
    $4,100 28
(Whiton: Who is Graham?)
[The end-of-round signal sounds.]

Oral Roberts

Whiton
    $8,000 24
(Whiton: What is middle management?)

full employment

Whiton
    $1600 4
"Delta Dawn"

Triple Stumper
    $2000 15
occlusion

Triple Stumper
    $2000 10
swimming

Paul
    $2000 18
Christopher Isherwood

Triple Stumper
    $2000 27
(Paul: Who is Tip O'Neill?)
(Sarah: Who is Rockefeller?)

Daniel Patrick Moynihan

PaulSarah
Triple Stumper
    $2000 25
savings

Whiton
    $2000 5
beta testing

Whiton

Scores at the end of the Double Jeopardy! Round:

Paul Sarah Whiton
$18,800 -$3,600 $100
(lock game)

[wagering suggestions for these scores]

Final Jeopardy! Round responses

ANIMALS
WhitonWhat are bats?
$100
PaulWhat are cats
$18,000
black cats

Final scores:

Paul Sarah Whiton
$800 -$3,600 $0
4-day champion: $89,202 3rd place: $1,000 2nd place: $2,000

Game dynamics:

Coryat scores:

Paul Sarah Whiton
$18,800 -$3,600 $12,200
29 R,
2 W
3 R,
5 W
16 R
(including 1 DD),
5 W
(including 2 DDs)

Combined Coryat: $27,400

[game clues] [game scores] [suggest correction]

Game tape date: 2007-08-13
The J! Archive is created by fans, for fans. Scraping, republication, monetization, and malicious use prohibited; this site may use cookies and collect identifying information. See terms. The Jeopardy! game show and all elements thereof, including but not limited to copyright and trademark thereto, are the property of Jeopardy Productions, Inc. and are protected under law. This website is not affiliated with, sponsored by, or operated by Jeopardy Productions, Inc. Join the discussion at JBoard.tv.